000
00278nam a2200121 a 4500
008
101025s1965|||| d
100
1
_a
Mináčová, Libuša
245
1
0
_a
Úspešný muž
260
_b
Smena
_a
Bratislava
_c
1965
020
_c
8
041
_a
slo
044
_a
xo
_c
SK
999
_c
12182
_d
12182